Error propagation in environmental modelling with GIS
Αποθηκεύτηκε σε:
| Κύριος συγγραφέας: | |
|---|---|
| Μορφή: | Βιβλίο |
| Γλώσσα: | English |
| Δημοσίευση: |
London :
Taylor & Francis,
2000
|
| Σειρά: | Research monographs in geographic information systems
|
| Θέματα: | |
| Ετικέτες: |
Προσθήκη ετικέτας
Δεν υπάρχουν, Καταχωρήστε ετικέτα πρώτοι!
|
MARC
| LEADER | 00000nam a2200000 i 4500 | ||
|---|---|---|---|
| 001 | 1/60326 | ||
| 008 | 040914s2000 eng d | ||
| 020 | |a 0748407448 | ||
| 035 | |l 10074274 | ||
| 040 | |a GR-MY-UA |b gre |e aacr | ||
| 041 | 0 | |a eng | |
| 082 | 0 | |a 910.285 |2 (21) | |
| 100 | 1 | |a Heuvelink, Gerard B. M. |d 1961- | |
| 245 | 1 | 0 | |a Error propagation in environmental modelling with GIS / |c Gerard B. M. Heuvelink |
| 260 | |a London : |b Taylor & Francis, |c 2000 | ||
| 300 | |a xviii, 127 σ.; |b εικ., πιν., χαρτ., διαγρ.; |c 24 εκ. | ||
| 490 | 1 | |a Research monographs in geographic information systems | |
| 504 | |a Περιέχει βιβλιογραφία και ευρετήρια | ||
| 650 | 0 | 0 | |a Geographic information systems |x Mathematical models. |
| 650 | 0 | 0 | |a Errors, Scientific. |
| 830 | 0 | |a Research monographs in geographic information systems | |
| 852 | |a INST |b LESVOS |e 20040914 |h 910.285 HEU |p 005100030598 |q 005100030598 |t BK |y 0 | ||
| 901 | |a BIBL1-2004-3 | ||
| 909 | |a Λ |b 113113 | ||
| 922 | |a 1ΕΛΗ |b 200408 |c ΕΠΕΑΕΚ2/ΤΓ |d ΜΙΧΑΛΟΠΟΥΛΟΣ | ||
| 950 | |a 118-2004-06-14 | ||
| 970 | |a ΧΡΙΣΤΟΦΑ |b ΝΙΚΗ |z 2004/11/01 | ||